| 000 | 00557nam a22002057a 4500 | ||
|---|---|---|---|
| 005 | 20230609123322.0 | ||
| 008 | 230609b |||||||| |||| 00| 0 eng d | ||
| 020 | _a9780198484349 | ||
| 040 |
_aKMU _cKMU _dKMU _erda |
||
| 050 | _aPS 228.A57 Hug | ||
| 100 | _aHughes,Monica | ||
| 245 |
_aRocket _b/ _cMonica Hughes,Roderick Hunt and Alex Brychta |
||
| 260 |
_aOxford: _bOxford University Press, _c2009. |
||
| 300 |
_a12 p.: _bill.; _c8cm |
||
| 650 | _aAirplane | ||
| 650 | _aFlying | ||
| 700 | _aHunt Roderick | ||
| 700 | _aBrychta Alex | ||
| 942 |
_2lcc _cBK _n0 |
||
| 999 |
_c393 _d393 |
||